Spell the Marvel Villain #7 - Statistics

General Stats
  • This quiz has been taken 25 times
  • The average score is 5 of 8
Answer Stats
Picture Answer % Correct
Nebula
91%
Red Skull
91%
Ultron
91%
Owl
48%
Unicorn
43%
Iron-Monger
39%
Crossfire
35%
Nitro
30%
No matching quizzes found
Score Distribution
Percent of People with Each Score
Percentile by Number Answered
Your Score History
You have not taken this quiz